Tribhuvan University Central Library

Educational testing and measurement: classroom application and practice (Record no. 76348)

MARC details
000 -LEADER
fixed length control field 00673nam a22002297a 4500
008 - FIXED-LENGTH DATA ELEMENTS--GENERAL INFORMATION
fixed length control field 150812b xxu||||| |||| 00| 0 eng d
020 ## - INTERNATIONAL STANDARD BOOK NUMBER
International Standard Book Number 978-1-118-46649-0
082 ## - DEWEY DECIMAL CLASSIFICATION NUMBER
Edition number 10th
Classification number 371.26/ K951e
100 ## - MAIN ENTRY--PERSONAL NAME
Personal name Kubiszyn, Tom
245 ## - TITLE STATEMENT
Title Educational testing and measurement: classroom application and practice
260 ## - PUBLICATION, DISTRIBUTION, ETC.
Place of publication, distribution, etc. United States of America
Name of publisher, distributor, etc. John Wiley
Date of publication, distribution, etc. 2013.
300 ## - PHYSICAL DESCRIPTION
Other physical details xiii, 492p.
504 ## - BIBLIOGRAPHY, ETC. NOTE
Bibliography, etc. note Bibliography: p.467--480
650 ## - SUBJECT ADDED ENTRY--TOPICAL TERM
Topical term or geographic name entry element Education
650 ## - SUBJECT ADDED ENTRY--TOPICAL TERM
Topical term or geographic name entry element Educational tests
650 ## - SUBJECT ADDED ENTRY--TOPICAL TERM
Topical term or geographic name entry element Intelligence testing
650 ## - SUBJECT ADDED ENTRY--TOPICAL TERM
Topical term or geographic name entry element Educational evaluation
650 ## - SUBJECT ADDED ENTRY--TOPICAL TERM
Topical term or geographic name entry element Measurement
650 ## - SUBJECT ADDED ENTRY--TOPICAL TERM
Topical term or geographic name entry element Class rooms
700 ## - ADDED ENTRY--PERSONAL NAME
Personal name Borich, Gary D
942 ## - ADDED ENTRY ELEMENTS (KOHA)
Source of classification or shelving scheme Dewey Decimal Classification
Koha item type General Collections
Holdings
Withdrawn status Lost status Source of classification or shelving scheme Damaged status Not for loan Home library Current library Date acquired Total Checkouts Full call number Barcode Date last seen Price effective from Koha item type
    Dewey Decimal Classification     Tribhuvan University Central Library Tribhuvan University Central Library 08/12/2015   371.26/ K951e 152091 08/12/2015 08/12/2015 Text Book Collections